=LDR 00000nam 2200000 4500 =001 NUTBA000000000000325 =005 20140320151938.0 =006 =007 =008 =020 ##$$a 979-979-22-6905-5 =035 ##$$a 0010-031400000000324 =040 ##$$a NBPDMAT =082 ##$$a 813 =090 ##$$a 813$bTer a =100 ##$$a Tere =245 ##$$a Ayahku (bukan) pembohong$cTere =250 ##$$a cet.4 =260 ##$$a Jakarta $b Gramedia pustaka utama $c 2011 =300 ##$$a 299 hlm.$c20 cm. =650 ##$$a Fiksi $xIndonesia =850 ##$$a NBPNMAT =990 ##$$a 21101548 =990 ##$$a 90876/BPAP-NTB/2014 =990 ##$$a 93768/BPAP-NTB/2014 =990 ##$$a 93769/BPAP-NTB/2014 =990 ##$$a 93875/BPAP-NTB/2014 =990 ##$$a 93876/BPAP-NTB/2014 =990 ##$$a 93876/BPAP-NTB/2014 =990 ##$$a 90876/BPAP-NTB/2014 =990 ##$$a 93768/BPAP-NTB/2014 =990 ##$$a 93769/BPAP-NTB/2014 =990 ##$$a 93875/BPAP-NTB/2014